000
00304nam a2200121Ia 4500
008
240624s9999 xx 000 0 und d
041
_a
eng
082
_a
658.472 HUR
100
_a
HURWITZ JUDITH S
245
_a
COGNITIVE COMPUTING AND BIG DATA ANALYTI
260
_c
2015
_a
Delhi
_b
Wiley
365
_c
RS
_b
33
999
_c
26454
_d
26454